| 000 | 00479nam#a2200181#c#4500 | ||
|---|---|---|---|
| 003 | IEF | ||
| 005 | 20180219171055.0 | ||
| 008 | 941205s1976 uuu####fr####| 0||u| |u | ||
| 040 | _aIEF | ||
| 110 | 2 |
_aInternational Economic Studies Institute _932738 |
|
| 245 | _aRaw materials and foreign policy | ||
| 260 |
_aBoulder [Colorado] _b Westview _c1976 |
||
| 300 |
_aXI, 416 p. _c 24 cm. |
||
| 650 | 4 |
_aMATERIAS PRIMAS _947701 |
|
| 942 | _cLIB | ||
| 942 | _z30056 | ||
| 999 |
_c110972 _d110972 |
||